Kuvayı Milliye destanı II (Record no. 2133)

MARC details
000 -BAŞLIK
Sabit Uzunlukta Kontrol Alanı 00789na a2200253 4500
001 - KONTROL NUMARASI
Denetim Alanı 22068
003 - KONTROL NUMARASI IDENTIFIER
Denetim Alanı MIRAKIL
005 - SON İŞLEM TARİHİ VE ZAMANI
Denetim Alanı 20181213154846.0
008 - SABİT-BOY VERİ ELEMANLARI - GENEL BİLGİLER
Sabit Uzunlukta Kontrol Alanı 170210b tu 000 0
040 ## - KATALOGLAMA KAYNAK
Orijinal Kataloglama Ajansı Milas
Kataloglama Dili tur
Metne Dönüştürmek Ajansı TR-AnCHP
041 ## - DİL KODU
Metin / Ses Parça Veya Ayrı Başlığın Dil Kodu tur
082 ## - DEWEY ONLU SINIFLANDIRMA NUMARASI
Sınıflandırma Numarası 818.42
Ürün Numarası K37k 2009
090 ## - SINIFLAMA NUMARASI
Sınıflama Numarası 818.42 K37k 2009
100 ## - ANA GİRİŞ - KİŞİSEL İSİM
Kişisel Ad Keskinok, Kayıhan
245 ## - BAŞLIK TABLOSU
Başlık Kuvayı Milliye destanı II
Sorumluluk Tablosu, Vb Kayıhan Keskinok; yayıma hazırlayan Ayla Demirel; fotoğraflar İbrahim Demirel
260 ## - YAYIN, DAĞITIM, VB
Yayın, Dağıtım, Vb Yeri [y.y.]
Yayıncı, Dağıtıcı, Vs Adı Sanatyapım Yayıncılık
Yayın, Dağıtım, Vb Tarihi 2009
300 ## - FİZİKSEL TANIM
Kapsam [34] s.
Diğer Fiziksel Ayrıntıları res.
Boyutlar 22x22 sm.
650 ## - KONU KATMA GİRİŞ - TOPİKAL DÖNEM
Topikal Süreli Veya Coğrafi Ad Giriş Elemanı Kurtuluş Savaşı, 1918-1923
Genel Alt Bölümü Kuvayi Milliye
650 ## - KONU KATMA GİRİŞ - TOPİKAL DÖNEM
Topikal Süreli Veya Coğrafi Ad Giriş Elemanı Kuvayı Milliye
Genel Alt Bölümü Destanlar
650 ## - KONU KATMA GİRİŞ - TOPİKAL DÖNEM
Topikal Süreli Veya Coğrafi Ad Giriş Elemanı Kuvayi Milliye
Genel Alt Bölümü Resim
700 ## - KATMA GİRİŞ - KİŞİSEL İSİM
Kişisel Ad Demirel, İbrahim
700 ## - KATMA GİRİŞ - KİŞİSEL İSİM
Kişisel Ad Demirel, Ayla
942 ## - EKLENDİ GİRİŞ ELEMANLARI (KOHA)
Sınıflandırma Veya Raf Düzeni Kaynak Dewey Decimal Classification
Koha Öğesi Türü Books
999 ## - SİSTEM KONTROL NUMARALARI (KOHA)
Koha Biblionumber 2133
Koha Biblioitemnumber 2133
Holdings
Kalıcı Konum Mevcut Konum Edinme Tarihi Edinim Kaynak Toplam Check-Out'Lar Tam Çağrı Numarası Barkod Tarih Son Görülme İtibaren Geçerli Fiyatlar Koha Öğesi Türü
CHP Kütüphanesi CHP Kütüphanesi 02/10/2017 Bağış   818.42 K37k 2009 012969 02/10/2017 02/10/2017 Books